Landlocked Countries in Asia - Statistics

General Stats
  • This quiz has been taken 4,579 times
    4,547 since last reset
  • The average score is 12 of 12
Answer Stats
Answer % Correct
Mongolia
98%
Kazakhstan
97%
Kyrgyzstan
97%
Nepal
97%
Tajikistan
97%
Turkmenistan
97%
Uzbekistan
97%
Afghanistan
96%
Bhutan
96%
Armenia
95%
Laos
93%
Azerbaijan
91%
No matching quizzes found
Score Distribution
Percent of People with Each Score
Percentile by Number Answered
Your Score History
You have not taken this quiz since the last reset